000 00818cam a22002773a 4500
001 16710
003 PGUSA
005 20140828083345.0
008 050917s2005||||xxu|||||s|||||000 | eng d
040 _aPGUSA
_beng
042 _adc
050 4 _aPR
100 1 _aShakespeare, William,
_d1564-1616
245 1 0 _aLes Deux Gentilshommes de Vérone
_h[electronic resource] /
_cWilliam Shakespeare
260 _bProject Gutenberg,
_c2005
506 _aPublic domain in the USA.
516 _aElectronic text
653 _aExiles -- Drama
653 _aVerona (Italy) -- Drama
653 _aComedies
653 _aTriangles (Interpersonal relations) -- Drama
700 1 _aGuizot, François,
_d1787-1874
830 0 _aProject Gutenberg
_v16710
856 4 0 _uhttp://www.gutenberg.org/ebooks/16710
942 _cEB
999 _c245965
_d245965